000 00358 a2200169 4500
001 192328
020 _a85-260-1052-2
040 _cMagnum
100 _aRey, Marcos
240 1 0 _aO diabo no porta-malas
_lpor
245 1 0 _aO diabo no porta-malas
300 _a126
362 0 _a2005
440 1 _aGlobal
697 _aLITERATURA JUVENIL
942 _cBK
999 _c192328
_d192328